000 01085cam a22003011 4500
001 32066
003 BD-RjUL
005 20211209051802.0
008 140423s1960 nyu 001 0 eng
035 _a(BD-RjUL)32155
040 _aDLC
_cMB
_dDLC
_dBD-RjUL
_beng
041 1 _aengfre
082 0 0 _a189.5
_bCOA 1960
100 1 _aCorbin, Henry.
_997580
245 1 0 _aAvicenna and the visionary recital /
_cTranslated from the French by Willard R. Trask.
260 _aNew York :
_bPantheon Books,
_c1960.
300 _axiii, 423 p. ;
_c27 cm.
500 _aIncludes translations of Avicenna's Risālat Ḥayy ibn Yaqẓān.
504 _aBibliography: p. 385-393.
505 0 _aThe cycle of Avicennan recitals.--Translation of the Persian commentary on the recital of Ḥayy ibn Yaqẓān.
600 0 0 _aAvicenna,
_d980-1037.
_997592
700 0 _aAvicenna,
_d980-1037.
_tRisālat Ḥayy ibn Yaqẓān.
_997583
942 _2ddc
_cBK
999 _c32066
_d32066